| 000 | 00906nam a22002057a 4500 | ||
|---|---|---|---|
| 999 |
_c8497 _d8497 |
||
| 003 | AR-CdUCM | ||
| 008 | 190325b ||||| |||| 00| 0 spa d | ||
| 040 |
_aMUNICIPALIDAD PROVINCIAL DEL CUSCO _cBIBLIOTECA MUNICIPAL DEL CUSCO |
||
| 082 |
_a362.7 / _bF47 |
||
| 100 |
_aFigueroa, Luz Marina _923818 |
||
| 245 |
_aNiñez en riesgo camina al emprendimiento : _bla experiencia de inti runakunaq wasin (IRW) / |
||
| 260 |
_aPerú : _bNicograff, |
||
| 300 |
_a106 paginas ; _bIlustraciones, cuadros, _c21 cm. |
||
| 505 | _aContenido : Vidas en riesgo -- Niños y adolescentes en situación de riesgo -- Una casa creativa para niños en situación de riesgo -- Vidas en camino al emprendimiento -- La ruta de los sueños de intirunakunaq wasin | ||
| 650 |
_aNiñez y adolescencia _923819 |
||
| 650 |
_aCasa para niños _923820 |
||
| 650 |
_aSituaciones en riesgo _923821 |
||
| 942 |
_2ddc _cLIBROS |
||
| 945 | _awnts | ||